| 000 | 00448nam a2200097Ia 4500 | ||
|---|---|---|---|
| 008 | 180130s9999 xx 000 0 und d | ||
| 245 |
_cMat, Adam; Razak, Razli Che _aTechnological innovation implementation: a proposed model on organizational learning capability with moderating effect on knowledge complexity |
||
| 260 | _c2016 | ||
| 300 | _aBook title: Information technology management--Acession number C20746; pages 82-91 | ||
| 650 | _aIT MANAGEMENT | ||
| 999 |
_c354262 _d354262 |
||